000 00349nam a2200145Ia 4500
005 20260328104345.0
008 260328s9999||||xx |||||||||||||| ||und||
100 _aPadura, Leonardo
245 0 _aVientos de cuaresmas /
_cLeonardo Padura
250 _aEspaƱol
260 _bMaxi Tusquets
300 _a225 p.
650 _aNOVELAS
942 _cBK
999 _c12293
_d12293